000 00889nam a2200277Ia 4500
003 OSt
005 20220926012314.0
006 a|||||r|||| 00| 0
007 ta
008 220923b |||||||| |||| 00| 0 eng d
020 _a9781107645936
_c4103.97
037 _b132, 09/02/2018, Better Book Service
_cGeneral Book
040 _aRTL
_cRTL
_beng
041 _2eng
_aeng
082 _aY:5231, Q0;Q7/TD
100 _aPOSTON Dudley L
245 0 _aPopulation and society
_b An introduction to demography
250 _a2nd
260 _aNew York
_bCambridge University Press
_c2017
300 _axiii, 519p
_ccm.
500 _aBibliography: p117-123
650 _aGeography
700 _a BOUVIER Leon F
_9248000
942 _hY:5231, Q0;Q7/TD
_cGB
_2CC
999 _c622456
_d622456